Word Ladder: Two Japanese Art Forms Quiz Stats

 Plays Quiz Updated Oct 28, 2017

Challenge
Share
Tweet
Embed
Score 0/21 Timer 03:00
6 Plays Today
Clue 5-letter word % Correct
★Japanese cartoon style★★ANIME★
89.5%
Gaze intentlySTARE
86%
CoastlineSHORE
84.6%
Put away for future useSTORE
84.5%
Dallas NHL teamSTARS
82.5%
Emitted lightSHONE
80.7%
Writing that's not poetryPROSE
78.3%
Asian spice: star _____ANISE
78%
Roebuck's retail partnerSEARS
77.8%
Chicago NFL teamBEARS
77.5%
Begin to come upARISE
76.8%
Clue 5-letter word % Correct
Ring upPHONE
76.4%
Thrown from Mardi Gras floatsBEADS
76.1%
Facing downwardPRONE
75.2%
Force with lever (UK spelling)PRISE
72.1%
Small and round, like eyesBEADY
70.6%
Actor Patinkin or Moore, e.g.MANDY
70.2%
PliableBENDY
69.1%
Exchange words back and forthBANDY
65.2%
★Style of Japanese graphic novel★★MANGA★
57.7%
Shabby or heavily wornMANGY
51.4%

Today's Daily Dose

You're not logged in!

Compare scores with friends on all Sporcle quizzes.
OR
Log In

You Might Also Like...

Show Comments

Extras

Top Quizzes Today


Score Distribution

Your Account Isn't Verified!

In order to create a playlist on Sporcle, you need to verify the email address you used during registration. Go to your Sporcle Settings to finish the process.

Report this User

Report this user for behavior that violates our Community Guidelines.

Details: